00401nam a2200157Ia 450000500170000000800410001702000150005805000250007310000210009824500390011926000320015830000330019044000060022352100070022952600070023620140405102949.0140130s9999 xx 000 0 und d a0439200601 aQE 861.3b.M123 2001 aMaccarone, Grace cMaccarone, GraceaDinosaurs (w/cd) bScholastic,c2001.aU.S.A : a32 p. :bcol. ill. ;c23 cm. v1 aBR cBR